| 000 | 01946nam1a22003131i 4500 | ||
|---|---|---|---|
| 001 | v19\rc\2099650 | ||
| 005 | 20260407113028.0 | ||
| 035 | _a(NLR Aleph) 005184029 | ||
| 090 |
_a5151612 _c5151612 |
||
| 100 | _a20090914d1804 m||y0rusy50 ca | ||
| 101 | 1 |
_arus _cger |
|
| 102 | _aRU | ||
| 140 | _ay al ezz yaa0000 | ||
| 200 | 1 |
_aТопографическое описание города Риги _eС присовкуплением врачебных наблюдений, _fсочиненное в 1798 м году, и его императорскому величеству посвященное Оттоном Гуном, медицины доктором, Государственной Медицинской коллегии и Общества швейцарских врачей почетным членом. _gС немецкаго переведено Васильем Джунковским, и по высочайшему повелению напечатано на иждивении Медицинской коллегии. _gС фигурами |
|
| 210 |
_aСанкт-Петербург _cв типографии Государственной Медицинской коллегии _d1804 |
||
| 215 |
_a2 т. _d4° |
||
| 300 | _aРезц. грав. | ||
| 321 | 1 | _aСК 1801-1825 2057 | |
| 620 | _dСанкт-Петербург | ||
| 700 | 1 |
_9z01790 _aГун _bО. _f1764-1832 _gОтто |
|
| 702 | 1 |
_4730 _7ca _8rus _aДжунковский _bВ. Я. _f1767-1826 _gВасилий Яковлевич _9198577 _3RU\NLR\AUTH\770198628 |
|
| 712 | 0 | 1 |
_4610 _aРоссия _bМинистерство внутренних дел _bМедицинская типография _3RU\NLR\AUTH\889942197 _9379251 |
| 790 | 1 |
_9z01700 _aГун _bО. _f1764-1832 _gОттон |
|
| 801 | 0 |
_aRU _bNLR _gpsbo |
|
| 801 | 1 |
_aRU _bProSoft-M _2rusmarc |
|
| 801 | 2 |
_aRU _bNLR _c20160627 _2rusmarc |
|
| 852 |
_aNLR _j18.13.2.25 |
||
| 942 | _cBOOK | ||